004920000a22001330004500090001700000245013600017041001300153700002900166700003000195100003000225942001300255773007300268999001700341 aASbSeriadas10aMating behaviors of woolly monkeys, Lagotricha, at La Macarena, Colombia (III)sreproductive parameters viewd from a longterm study0 aInglés1 aWilches, Aida V.91002441 aEstrada, Catalina91002391 aNishimura, Akisato996918 cARTICULO1 tField Studies of Fauna and Flora La Macarena, Colombiaq1-7d1992g7 c16002d16002